000 00369nam a2200145Ia 4500
008 231129s1998||||xx |||||||||||||| ||spa||
020 _a84-7953-213-0
040 _bspa
082 _a808 N621a
100 _aNichols Michael P.
245 0 _aEl arte perdido de escuchar
260 _c1998
264 _aUrano
942 _2ddc
_cBKS
999 _c10298
_d10298